MARC

LEADER 00000nam0a2200000 4500
001 377497
005 20231102012924.0
035 |a (RuTPU)RU\TPU\retro\34948 
035 |a RU\TPU\book\60580 
090 |a 377497 
100 |a 20230315d1965 m y0rusy50 ca 
101 0 |a rus 
102 |a RU 
105 |a a j 001zy 
200 1 |a Теплотехнологические процессы и аппараты силикатных производств  |e учебное пособие  |f Х. С. Воробьев, Д. Я. Мазуров, А. А. Соколов 
210 |a Москва  |c Высшая школа  |d 1965 
215 |a 773 с.  |c ил. 
320 |a Библиография в конце глав. 
606 1 |a Силикатное производство  |x Тепловые процессы  |2 stltpush  |3 (RuTPU)RU\TPU\subj\34465  |9 56405 
610 1 |a теплотехнологические процессы 
610 1 |a аппараты 
610 1 |a силикаты 
610 1 |a учебные пособия 
610 1 |a материалы 
610 1 |a изделия 
610 1 |a механические процессы 
610 1 |a сортировка 
610 1 |a очистка 
610 1 |a обеспыливание 
610 1 |a промышленные печи 
610 1 |a теплопередача 
610 1 |a сжигание 
610 1 |a топливо 
610 1 |a аэродинамические процессы 
610 1 |a сушка 
610 1 |a обжиг 
610 1 |a стекловарение 
610 1 |a керамические изделия 
675 |a 666(075.8)  |v 3 
700 1 |a Воробьев  |b Х. С.  |g Харлампий Сергеевич 
701 1 |a Мазуров  |b Д. Я.  |g Дмитрий Яковлевич 
701 1 |a Соколов  |b А. А.  |g Алексей Александрович 
801 1 |a RU  |b 63413507  |c 20031103  |g PSBO 
801 2 |a RU  |b 63413507  |c 20230315  |g PSBO 
900 |a Процессы и аппараты химической технологии 
900 |a Теплообмен в электрических аппаратах 
900 |a Физико-химические основы теплотехнических процессов 
900 |a Тепловые процессы и агрегаты в технологии ТНСМ 
942 |c BK 
952 |a 550000  |b 250800